MAASAI MARA UNIVERSITY

LIBRARY CATALOGUE

Contact Us: +254 020 2685356/7 or 0774 057787

Box: 861-20500, NAROK, KENYA

Email: info@mmarau.ac.ke

_Healing the Wound Personal narrative about the 2007 post election in Kenya Njogu kimani (Record no. 8178)

MARC details
000 -LEADER
fixed length control field 00360nam a2200109Ia 4500
008 - FIXED-LENGTH DATA ELEMENTS--GENERAL INFORMATION
fixed length control field 151021s9999 xx 000 0 und d
050 ## - LIBRARY OF CONGRESS CALL NUMBER
Classification number JC 328.65 .K4H43 3009
245 ## - TITLE STATEMENT
Title _Healing the Wound Personal narrative about the 2007 post election in Kenya Njogu kimani
300 ## - PHYSICAL DESCRIPTION
Extent x,318p:
650 ## - SUBJECT ADDED ENTRY--TOPICAL TERM
Topical term or geographic name as entry element _Post election violence
980 ## - EQUIVALENCE OR CROSS-REFERENCE-SERIES STATEMENT--PERSONAL NAME/TITLE [LOCAL, CANADA]
Personal name ^d20110923 11:38:59^okoech

No items available.

© 2016 Maasai Mara University.